000 01324nam a2200313 4500
003 EG-GICUC
005 20260121101146.0
008 251105s1928 ua ||||fr|||| 00| 0 ara d
040 _a EG-GICUC
_bara
_c EG-GICUC
_d EG-GICUC
_erda
041 0 _aara
082 0 4 _221
_a341.8
_bع ل . ق
092 0 4 _221
099 _aLaw1 12 341.8 ع ل . ق 1928
100 0 _a علي الزيني
_eمؤلف.
245 1 2 _aالقانون الدولي الخاص:
_bالمصري والمقارن/
_cتأليف علي الزيني.
_nالجزء الاول
264 1 _aالقاهرة؛
_bمطبعة الاعتماد،
_c1928.
300 _a568 ؛صفحة
_c24 سم
_bإيضاحيات، صور، مثيليات ؛
336 _2rda content
_atext
337 _2rda media
_aComputer
338 _2rda carrier
_aOnline Resource
504 _aيحتوي على اراجاعات ببليوجرافية يحتوي على قائمة بالمراجع.
546 _aالنص أغلبه باللغة العربية بعض النصوص الإنجليزية والفرنسية
650 1 _aالقانون الدولى الخاص
_zمصر
_2qrmak
650 1 _aالقانون المقارن
_2qrmak
651 1 _2qrmak
856 4 0 _uhttps://fll.law.cu.edu.eg/fulltext/bks/B12-00626.pdf
905 _aRawan khaled
942 _2ddc
_n0
_cBK
_e21
999 _c41127
_d41127